000 00628nam a2200229Ia 4500
003 OSt
005 20220925231824.0
006 a|||||r|||| 00| 0
007 ta
008 220923b |||||||| |||| 00| 0 eng d
037 _cGeneral Book
040 _aRTL
_cRTL
_beng
041 _2eng
_aeng
082 _aX:8, M1
100 _aSweeney Neil R
_9296179
245 0 _aArt of managing managers
260 _aMassachusetts
_bAddison- Wesley
_c1981
300 _axii, 147p. Bib chapterwise
_ccm.
650 _aManagement
_930681
942 _hX:8, M1
_cGB
_2CC
999 _c589539
_d589539